000 00870nam a2200205Ii 4500
003 JO-AjNU
008 230605s9999||||xx |||||||||||||| ||und||
020 _a978-3-8236-1581-1
040 _aJO-AjNU
_bara
_erda
_cJO-AjNU
041 _aara
050 1 4 _aHD69.P75.D67712.2010
100 3 _aتأليف: دوبلر،فيرنر ؛ترجمة: سلوى المحمد، محمد مجدلاوي,
_eauthor
_930236
245 0 0 _aتخطيط وتقييم وادارة مشاريع التنمية =Planning Evaluation and Management of Development
264 3 1 _aالمانيا:مارجراف،2010
300 _a318ص
_bيحتوي على ببلوغرافية من ص308-318ص
336 _atext
_btxt
_2rdacontent
337 _aunmediated
_bn
_2rdamedia
338 _avolume
_bnc
_2rdacarrier
650 4 _aادارة المشروعات-السياسة الاقتصادية
_930237
999 _aA11962
_c15530
_d15530